| 000 | 00649nam a2200217 a 4500 | ||
|---|---|---|---|
| 001 | BRCA_7794 | ||
| 005 | 20190320210010.0 | ||
| 008 | 011013s1959----fr-ad##f##---#001-0#fre-# | ||
| 041 | _afre | ||
| 044 | _afr | ||
| 050 | 4 |
_aN5200 _b.R44 1959 |
|
| 100 | 1 |
_aRheims, Maurice _919304 |
|
| 245 | 1 | 0 |
_aLa vie étrange des objets _bhistoire de la curiositè _cpar Maurice Rheims. |
| 260 |
_aParís _bLibraire Plon _cc1959 |
||
| 300 |
_aii, 419 p. _bil., gráficas _c22 cm. |
||
| 500 | _aX49 | ||
| 650 | 1 | 4 |
_aObjetos de arte _vHistoria y anécdotas _919305 |
| 650 | 1 | 4 |
_aObjetos de arte _vColeccionistas y colecciones _919093 |
| 902 | _aGFM | ||
| 942 |
_2lcc _cB |
||
| 999 |
_c7468 _d7468 |
||